<?xml version="1.0" encoding="UTF-8"?>
<record
    xmlns:xsi="http://www.w3.org/2001/XMLSchema-instance"
    xsi:schemaLocation="http://www.loc.gov/MARC21/slim http://www.loc.gov/standards/marcxml/schema/MARC21slim.xsd"
    xmlns="http://www.loc.gov/MARC21/slim">

  <leader>01565nam a2200325 i 4500</leader>
  <controlfield tag="001">P20220429028</controlfield>
  <controlfield tag="008">220825s2020    ch ab   s     000 0 chi d</controlfield>
  <datafield tag="020" ind1=" " ind2=" ">
    <subfield code="a">9789864783601</subfield>
  </datafield>
  <datafield tag="050" ind1=" " ind2="4">
    <subfield code="a">BR1285</subfield>
    <subfield code="b">L555 2020</subfield>
  </datafield>
  <datafield tag="100" ind1="1" ind2=" ">
    <subfield code="6">880-01</subfield>
    <subfield code="a">Li, Jinqiang.</subfield>
  </datafield>
  <datafield tag="245" ind1="1" ind2="0">
    <subfield code="6">880-02</subfield>
    <subfield code="a">Jin dai Zhongguo mu shi qun ti de chu xian</subfield>
    <subfield code="h">[electronic resource] /</subfield>
    <subfield code="c">Li Jinqiang zhu.</subfield>
  </datafield>
  <datafield tag="250" ind1=" " ind2=" ">
    <subfield code="6">880-03</subfield>
    <subfield code="a">Chu ban.</subfield>
  </datafield>
  <datafield tag="260" ind1=" " ind2=" ">
    <subfield code="6">880-04</subfield>
    <subfield code="a">Taibei Shi :</subfield>
    <subfield code="b">Wan juan lou tu shu,</subfield>
    <subfield code="c">2020.</subfield>
  </datafield>
  <datafield tag="300" ind1=" " ind2=" ">
    <subfield code="a">146 p. :</subfield>
    <subfield code="b">ill., maps</subfield>
  </datafield>
  <datafield tag="490" ind1="1" ind2=" ">
    <subfield code="6">880-05</subfield>
    <subfield code="a">Da xue cong shu. Xianggang jin hui da xue jin dai shi yan jiu zhong xin zhuan kan ;</subfield>
    <subfield code="v">2</subfield>
  </datafield>
  <datafield tag="504" ind1=" " ind2=" ">
    <subfield code="a">Includes bibliographical references (p. 129-146).</subfield>
  </datafield>
  <datafield tag="533" ind1=" " ind2=" ">
    <subfield code="a">Electronic reproduction.</subfield>
    <subfield code="b">New Taipei City :</subfield>
    <subfield code="c">Airiti.</subfield>
    <subfield code="n">System requirements: iRead eBook.</subfield>
    <subfield code="n">Available via World Wide Web.</subfield>
  </datafield>
  <datafield tag="650" ind1=" " ind2="0">
    <subfield code="a">Christians</subfield>
    <subfield code="z">China</subfield>
    <subfield code="x">Societies, etc.</subfield>
  </datafield>
  <datafield tag="650" ind1=" " ind2="0">
    <subfield code="a">Missions</subfield>
    <subfield code="z">China</subfield>
    <subfield code="x">History.</subfield>
  </datafield>
  <datafield tag="651" ind1=" " ind2="0">
    <subfield code="a">China</subfield>
    <subfield code="x">Church history.</subfield>
  </datafield>
  <datafield tag="830" ind1=" " ind2="0">
    <subfield code="6">880-06</subfield>
    <subfield code="a">Da xue cong shu.</subfield>
    <subfield code="p">Xianggang jin hui da xue jin dai shi yan jiu zhong xin zhuan kan ;</subfield>
    <subfield code="v">2.</subfield>
  </datafield>
  <datafield tag="856" ind1="4" ind2="0">
    <subfield code="u">https://www.airitibooks.com/Detail/Detail?PublicationID=P20220429028</subfield>
  </datafield>
  <datafield tag="880" ind1="1" ind2=" ">
    <subfield code="6">100-01/</subfield>
    <subfield code="1"></subfield>
    <subfield code="a">&#x674E;&#x91D1;&#x5F37;.</subfield>
  </datafield>
  <datafield tag="880" ind1="1" ind2="0">
    <subfield code="6">245-02/</subfield>
    <subfield code="1"></subfield>
    <subfield code="a">&#x8FD1;&#x4EE3;&#x4E2D;&#x570B;&#x7267;&#x5E2B;&#x7FA4;&#x9AD4;&#x7684;&#x51FA;&#x73FE;</subfield>
    <subfield code="h">[electronic resource] /</subfield>
    <subfield code="c">&#x674E;&#x91D1;&#x5F37;&#x8457;.</subfield>
  </datafield>
  <datafield tag="880" ind1=" " ind2=" ">
    <subfield code="6">250-03/</subfield>
    <subfield code="1"></subfield>
    <subfield code="a">&#x521D;&#x7248;.</subfield>
  </datafield>
  <datafield tag="880" ind1=" " ind2=" ">
    <subfield code="6">260-04/</subfield>
    <subfield code="1"></subfield>
    <subfield code="a">&#x81FA;&#x5317;&#x5E02; :</subfield>
    <subfield code="b">&#x842C;&#x5377;&#x6A13;&#x5716;&#x66F8;,</subfield>
    <subfield code="c">2020.</subfield>
  </datafield>
  <datafield tag="880" ind1="1" ind2=" ">
    <subfield code="6">490-05/</subfield>
    <subfield code="1"></subfield>
    <subfield code="a">&#x5927;&#x5B78;&#x53E2;&#x66F8;. &#x9999;&#x6E2F;&#x6D78;&#x6703;&#x5927;&#x5B78;&#x8FD1;&#x4EE3;&#x53F2;&#x7814;&#x7A76;&#x4E2D;&#x5FC3;&#x5C08;&#x520A; ;</subfield>
    <subfield code="v">2</subfield>
  </datafield>
  <datafield tag="880" ind1=" " ind2="0">
    <subfield code="6">830-06/</subfield>
    <subfield code="1"></subfield>
    <subfield code="a">&#x5927;&#x5B78;&#x53E2;&#x66F8;.</subfield>
    <subfield code="p">&#x9999;&#x6E2F;&#x6D78;&#x6703;&#x5927;&#x5B78;&#x8FD1;&#x4EE3;&#x53F2;&#x7814;&#x7A76;&#x4E2D;&#x5FC3;&#x5C08;&#x520A; ;</subfield>
    <subfield code="v">2.</subfield>
  </datafield>
  <datafield tag="999" ind1=" " ind2=" ">
    <subfield code="c">41525</subfield>
    <subfield code="d">41525</subfield>
  </datafield>
</record>
